Statistics for Extremely Fast Typing 1-50

Click here to take the quiz!

General Stats

  • This quiz has been taken 132 times
  • The average score is 28 of 50

Answer Stats

HintAnswer% Correct
:)1
100%
:)2
98%
:)3
96%
:)4
96%
:)5
96%
:)6
96%
:)8
96%
:)7
94%
:)9
92%
:)10
88%
:)11
88%
:)12
78%
:)13
78%
:)15
78%
:)16
78%
:)17
78%
:)18
78%
:)14
76%
:)19
76%
:)21
76%
:)20
67%
:)22
65%
:)23
65%
:)24
61%
:)25
61%
:)26
59%
:)27
57%
:)28
51%
:)29
49%
:)30
41%
:)31
41%
:)32
41%
:)33
37%
:)34
35%
:)35
33%
:)36
33%
:)37
29%
:)38
27%
:)39
22%
:)42
22%
:)41
20%
:)43
20%
:)40
18%
:)44
16%
:)45
12%
:)46
10%
:)47
10%
:)48
10%
:)49
10%
:)50
8%

Score Distribution

Percentile by Number Answered

Percent of People with Each Score

Your Score History

You have not taken this quiz